000 00576nam a22001937a 4500
003 OSt
005 20240521104038.0
008 240520b |||||||| |||| 00| 0 eng d
020 _a0070108552
040 _cChuka University Library
050 _aQA 331
_b.C48 1974
100 _aChurchill, Ruel V, James W. Brown and Roger F. Verhey
_914414
245 _aComplex variables and applications.
250 _a3rd ed.
260 _aTokyo
_bMcGraw-Hill Kogakusha
_c1974
300 _a332p.
_bIllustrated
650 _aFunctions of complex variables.
_910341
942 _2lcc
_cBK
_n0
999 _c16334
_d16334